000 00281nam a22001337a 4500
003 SGT
082 _a615
_bHAL
100 _aHALL, JASON
245 _aPHARMACY PRACTICE
260 _aU.K.
_bOXFORD PUB.
_c2013
300 _a166
650 _aPHARMACY PRACTICE
942 _2ddc
_cBK
999 _c33088
_d33088